| 000 | 01860nam0a2200349 4500 | ||
|---|---|---|---|
| 001 | RU\NLR\bibl\1664907 | ||
| 005 | 20260405172121.0 | ||
| 010 | _a978-5-9693-0124-5 | ||
| 021 |
_aRU _b2010-51919 _93421 |
||
| 035 | _a(NLR Aleph) 001656183 | ||
| 090 |
_a952695 _c952695 |
||
| 100 | _a20100817d2010 |||y0rusy50 ca | ||
| 101 | 1 |
_arus _ceng |
|
| 102 | _aRU | ||
| 105 | _aa ||||||||| | ||
| 200 | 1 |
_aЛогистика _eинтегрированная цепь поставок _fДоналд Дж. Бауэрсокс, Дейвид Дж. Клосс _g[пер. с англ. Н.Н. Барышниковой, Б.С. Пинскера] |
|
| 205 | _a2-е изд. | ||
| 210 |
_aМосква _cОлимп-Бизнес _cиздатель В.Ю. Стабников _d2010 |
||
| 215 |
_a635 с. _cил. _d26 |
||
| 300 | _aЗагл. и авт. ориг.: Logistical management/ Donald J. Bowersox, David J. Closs | ||
| 300 | _aНа с. 5 авт.: Доналд Дж. Бауэрсокс, Дейвид Дж. Клосс - профессора Мичиган. гос. ун-та, д-ра наук по маркетингу | ||
| 320 | _aБиблиогр.: с. 633-635 (125 назв.) | ||
| 454 | 0 |
_12001#$aLogistical management$fDonald J. Bowersox, David J. Closs _1700#1$3RU\NLR\auth\7773651$7ba$aBowersox$bD. J.$gDonald John$4070 _1701#1$3RU\NLR\auth\7773661$7ba$aCloss$bD. J.$gDavid J.$4070 _tLogistical management _aBowersox, Donald John |
|
| 606 | 1 |
_aЛогистика в экономике _92168149 _3RU\NLR\auth\661304395 |
|
| 686 | _aУ40(0)в611 | ||
| 700 | 1 |
_4070 _8rus _7ca _aБауэрсокс _bД. Д. _gДоналд Дж. _3RU\NLR\auth\7773647 _956575 |
|
| 701 | 1 |
_4070 _8rus _7ca _aКлосс _bД. Д. _gДейвид Дж. _3RU\NLR\auth\7773660 _956588 |
|
| 801 | 0 |
_aRU _bNLR _c20100817 _gRCR |
|
| 801 | 1 |
_aRU _bNLR _c20100817 |
|
| 942 | _cBOOK | ||
| 980 | _aNB | ||